| 000 | 00947nam a22002417a 4500 | ||
|---|---|---|---|
| 005 | 20140325111715.0 | ||
| 008 | 140325t2008 ec abdogr|||| 00| 0 eng d | ||
| 020 | _a9789942019059 | ||
| 041 | _aeng | ||
| 044 | _aec | ||
| 082 |
_a598.09866 _bJ25s |
||
| 100 | 1 |
_aJahn, Olaf _923096 |
|
| 242 | 1 | 0 |
_aPlan de acción para la especie zamarrito pechinegro _bEriocnemis nigrivestis _cOlaf Jahn, Tatiana Santander _yspa |
| 245 | 1 | 0 |
_aSpecies action plan black-breasted puffleg _bEriocnemis nigrivestis _cOlaf Jahn, Tatiana Santander |
| 260 | 3 |
_aQuito _bAves & Conservación _c2008 |
|
| 300 |
_a69 p. _bil., fot., mapas, tablas _c30 cm |
||
| 504 | _aIncluye bibligrafía (página 33) | ||
| 590 | _a242 traducción realizada por la agencia catalogadora | ||
| 650 | 4 |
_aAves _vPlan de acción _xProtección _zEcuador _923097 |
|
| 650 | 4 |
_aAves _vEstudio de hábitat _xConservación _zEcuador _923098 |
|
| 700 | 1 |
_aSantander, Tatiana _923099 |
|
| 942 |
_2ddc _cImpreso |
||
| 999 |
_c8311 _d8311 |
||